000 00842nam a2200241 i 4500
001 bgj
100 1 _aKAGAN, Donald
245 1 0 _aThe Western Heritage :
_bsince 1300 /
_cDonald Kagan ; Steven Ozment ; Frank M. Turner.
250 _a3rd ed.
260 _aNew York :
_bMacmillan Publishing Company,
_cc. 1987.
300 _app 305-1065, 126 pagina varia, 32 pp colour plates :
_bill. ;
_c27 cm.
500 _aThis book is a portion of The Western Heritage.
505 _aIncludes bibliographical references and index.
650 9 _aCivilization, Occidental
_xHistory
700 1 _aOZMENT, Steven.
_eco-author
700 1 _aTURNER, Frank [Miller]
_d(1944- ).
_eco-author
020 _a0023632607 (hbk)
040 _cBPK
041 0 _aeng
920 _a0-02-363260-7 (hbk)
942 _cKS
008 s uk f |000 0 eng
999 _c41302
_d41302
856 _uhttp://koha.tu.koszalin.pl/cgi-bin/koha/opac-detail.pl?biblionumber=41302
_yKatalog online BPK